000 00486nam a2200193Ia 4500
005 20240823005251.0
008 240823s9999||||xx |||||||||||||| ||und||
041 _aENGLISH
082 _A621.3192 N7
100 _aRaina K B
245 0 _aElectrical Design Estimating and Costing
250 _a1st
260 _c1997
_b"New Age,New Delhi"
500 _aTRANSFERED
650 _aElectrical Estimating
_bElectrical
700 _a Bhattacharya S K
942 _cBK
999 _c155229
_d155229